| 000 | 00645nam a2200217Ia 4500 | ||
|---|---|---|---|
| 005 | 20250508160738.0 | ||
| 008 | 008 250505s9999 xx 000 0 eng d | ||
| 020 | _a03-078340-2 | ||
| 037 | _aTextual | ||
| 040 |
_aFEDL _beng _cFEDL |
||
| 041 |
_aeng _2eng |
||
| 084 |
_a158, TAN _qFEDL |
||
| 100 |
_aTanner Laurel N. _9769269 |
||
| 245 | 0 | _aClassroom teaching and learning: Amental health approach | |
| 260 |
_aNew York, USA _bHolt, Rinehart and Winston _c1971 |
||
| 300 | _axviii,429p | ||
| 650 | _aApplied psychology | ||
| 700 |
_a Lindgren Henry Clay _9769270 |
||
| 942 |
_cTEXL _h158, TAN |
||
| 999 |
_c1366375 _d1366375 |
||